000 01294nam a2200349 i 4500
003 EG-GICUC
005 20260209095428.0
008 260209s1978 ua ||||fr|||| 00| 0 ara d
017 _a1978/2715
020 _a256248
040 _a EG-GICUC
_bara
_c EG-GICUC
_d EG-GICUC
_erda
041 0 _aara
082 0 4 _a343.421
_bم ح . م
_221
092 0 4 _221
099 _aLaw1 10 343.421 م ح . م 1 ed - 1978 1006435
100 0 _aمحمد أحمد فرج السنهوري.
_eمؤلف.
245 1 2 _aالمسكرات /
_cبقلم محمد أحمد فرج السنهوري.
250 _aالطبعة الأولى،
264 3 _aالقاهرة :
_bدار النهضة العربية،
_c1978.
300 _a118 صفحة ؛
_c24 سم.
_bإيضاحيات، صور، مثيليات ؛
336 _2rda content
_atext
337 _2rda media
_aComputer
338 _2rda carrier
_aOnline Resource
504 _aيشتمل على إرجاعات ببليوجرافية.
546 _aالنص باللغة العربية
650 1 4 _a التشريعات المتعلقة بالمخدرات.
_2qrmak
650 1 4 _aالقانون الجنائي.
_2qrmak
651 1 _2qrmak
856 4 0 _uhttps://fll.law.cu.edu.eg/fulltext/bks/B10-06435.pdf
905 _a18
942 _2ddc
_cBK
_e21
_n0
999 _c61736
_d61736